Surnoms de personnalités - Statistiques

Statistiques générales
  • Ce quiz a été pris 39 fois
  • Le résultat moyen est 9 sur 40
Statistiques - réponses
Surnom Personnalité % Correct
Le Roi de la pop Michael Jackson
74%
La Môme Edith Piaf
71%
Le King Elvis Presley
66%
Rocketman Elton John
57%
La Pulga Lionel Messi
54%
La Reine de la musique latine Shakira
54%
La Reine de la pop Madonna
51%
Mister Nespresso George Clooney
49%
Mister Renard Renaud
43%
L'Homme à la tête de chou Serge Gainsbourg
40%
Les Muscles de Bruxelles Jean-Claude Van Damme
37%
Le Taulier Johnny Hallyday
37%
Le Maître du Suspense Alfred Hitchcock
31%
Queen B Beyoncé Knowles
29%
La Voix Frank Sinatra
26%
Mother Monster Lady Gaga
26%
La Princesse de la pop Britney Spears
23%
Le Boss Bruce Springsteen
23%
Jumpman Michael Jordan
20%
Cry Baby Cristiano Ronaldo
17%
Le Doggfather Snoop Dogg
17%
La Foudre Usain Bolt
17%
Le Baron rouge Michael Schumacher
14%
Le Chêne Autrichien Arnold Schwarzenneger
11%
Double M Eminem
11%
L'Amiral Michel Polnareff
11%
Elusive Chanteuse Mariah Carey
6%
Joey Coco Prince
6%
Mam-éfique Angelina Jolie
3%
Taco Donald Trump
3%
L'Homme aux mille fractures Jackie Chan
3%
Le Cinquième Beatle Robin Williams
3%
Le Roi du Divertissement Steven Spielberg
3%
Halloween Jack David Bowie
0%
Sticks Hugh Jackman
0%
Jim de fer James Cameron
0%
Le Duc John Wayne
0%
Tinkerhell Julia Roberts
0%
La Tornade Rafael Nadal
0%
Mapother Tom Cruise
0%
Aucun quiz correspondant
Distribution des résultats
% des personnes avec chaque résultat
Percentile par nombre de réponses
Votre historique - résultats
Vous n’avez pas pris ce quiz